Statistics for Geography by Picture - U

Click here to take the quiz!

General Stats

  • This quiz has been taken 1,116 times
  • The average score is 14 of 18

Answer Stats

Answer% Correct
United Kingdom
98%
Utah
97%
United Nations
96%
United Arab Emirates
94%
Uzbekistan
92%
United States of America
90%
USSR
89%
Uganda
84%
Uruguay
83%
Uluru
82%
Urals
80%
Ukraine
77%
Urban
69%
Ulaanbaatar
64%
Ulster
64%
Umbria
39%
Upper Peninsula
39%
Utqiagvik
16%

Score Distribution

Percentile by Number Answered

Percent of People with Each Score

Your Score History

You have not taken this quiz